000 00329nam a22001337a 4500
008 230619b xxu||||| |||| 00| 0 eng d
020 _a085476321x
082 _a252.061
_bCLE
100 _cRoy Clements
245 _aIntroducing Jesus
260 _aEastbourne
_bKIngsway Publications
_c1986
300 _aIX,159p
942 _2ddc
_cBK
999 _c1168
_d1168